| 000 | 00645nam a2200193 a 4500 | ||
|---|---|---|---|
| 001 | 001066727 | ||
| 003 | AM-YeHGA | ||
| 005 | 20250617151153.0 | ||
| 008 | 150318s1980 ||| r 000 0 rus d | ||
| 040 | _aAM-YeHGA | ||
| 041 | 0 | _arus | |
| 100 | 1 | _aКороленко, Владимир Галактионович | |
| 245 | 1 | 0 |
_aПовести и рассказы : _bВ 2-х томах / _cВ.Г. Короленко. |
| 260 |
_aЯкутск : _bЯкут. кн. изд-во, _c1980. |
||
| 300 | _a2 т. | ||
| 505 | 0 |
_gТ. 1 (534 с.; [1] л. портр.) _gТ. 2 (456 с.) |
|
| 653 | 0 | _aРусская литература | |
| 090 | _c348111 | ||
| 999 |
_c346310 _d346310 |
||